| 000 | 01115nam a2200241Ia 4500 | ||
|---|---|---|---|
| 003 | OSt | ||
| 005 | 20200908153559.0 | ||
| 008 | 191128s1980 ck fr 000 0 spa d | ||
| 040 |
_aCO-JMCR _cCO-JMCR |
||
| 041 | 0 | _aspa | |
| 082 | 0 | 4 |
_a363.4509861 / _bL879e _223 |
| 100 | 1 |
_aLosada Posada, Benjamín, _eautor _99973 |
|
| 245 | 1 | 0 |
_aEconomía subterránea : _bo el imperio del contra-derecho en Colombia / _cBenjamín Losada Posada ; edición dirigida por Humberto Castillo Valencia |
| 260 |
_aBogotá : _bTipografía Praga, _c[1980?] |
||
| 300 |
_a212 páginas ; _c16 cm. |
||
| 505 | 0 | _aLegalización o herbicidas -- Wall Street de la droga -- Atención: incautado valioso matute -- Esmeralda que te quiero -- La quinta parte del dinero en circulación es de origen ilegal -- Una banca subdesarrollada -- Bienvenidos al torneo de las tasas | |
| 650 | 1 | 4 |
_aEconomía subterránea _zColombia _99974 |
| 650 | 1 | 4 |
_aNarcóticos _zColombia _99975 |
| 650 | 1 | 4 |
_aMafia _zColombia _99976 |
| 651 | 4 |
_aColombia _zCondiciones económicas _99977 |
|
| 700 | 1 |
_aCastillo Valencia, Humberto, _eeditor _99978 |
|
| 942 |
_2ddc _cBK |
||
| 999 |
_c5696 _d5696 |
||